Odhad úrody poľnohospodárskych plodín k 15.8.1993

Guardado en:
Detalles Bibliográficos
Formato: Libro
Lenguaje:eslovaco
Publicado: Bratislava Štatistický úrad SR 1993
Colección:Štatistické čísla a grafy
Etiquetas: Agregar Etiqueta
Sin Etiquetas, Sea el primero en etiquetar este registro!

MARC

LEADER 00000nam a2200000 4500
001 c002913
005 20260220071950.7
041 0 |a slo 
044 |a SK 
245 1 0 |a Odhad úrody poľnohospodárskych plodín k 15.8.1993 
264 1 |a Bratislava  |b Štatistický úrad SR  |c 1993 
300 |a 66 s. 
490 1 |a Štatistické čísla a grafy 
830 0 |a Štatistické čísla a grafy